[Event "Rheinland Pfalz op 3rd"]
[Site "Gau Algesheim"]
[Date "2011.08.01"]
[Round "5"]
[White "Ovsejevitsch, Sergei"]
[Black "Plueg, Andreas"]
[Result "1/2-1/2"]
[WhiteElo "2589"]
[BlackElo "2300"]
[PlyCount "60"]
[EventDate "2011.07.28"]
[EventType "swiss"]
[EventRounds "7"]
[EventCountry "GER"]
[SourceTitle "EXT 2013"]
[Source "ChessBase"]
[SourceDate "2012.11.22"]
[SourceVersion "1"]
[SourceVersionDate "2012.11.22"]
[SourceQuality "1"]

1. d4 d5 2. c4 e6 3. Nc3 Nf6 4. cxd5 exd5 5. Bg5 c6 6. Qc2 h6 7. Bh4 Be6 8. e3 Nbd7 9. Bd3 g5 10. Bg3 Nh5 11. Nge2 Qe7 12. h4 Nxg3 13. Nxg3 Bg7 14. 0-0-0 0-0-0 15. Nf5 Bxf5 16. Bxf5 Kb8 17. Bxd7 Qxd7 18. Na4 f5 19. Nc5 Qf7 20. Rd3 Bf8 21. Kb1 Bxc5 22. Qxc5 f4 23. hxg5 hxg5 24. Rxh8 Rxh8 25. Qd6+ Kc8 26. exf4 Qf5 27. Kc2 gxf4 28. Kc3 Re8 29. g3 fxg3 30. Qxg3 Re2 1/2-1/2